| 000 | 00527nam a22001817a 4500 | ||
|---|---|---|---|
| 005 | 20251108164254.0 | ||
| 008 | 250721s1995 xx 000 0 ara d | ||
| 082 | 1 | 4 | _a351.1/نوا |
| 100 | 1 | _aكنعان، نواف | |
| 245 | 1 | 0 | _aالقيادة الإدارية / |
| 250 | _aط5. | ||
| 264 | 1 |
_aعمان : _bمكتبة دار الثقافة للنشر والتوزيع، _c1995. |
|
| 300 | _a506ص. | ||
| 650 | 1 | 7 | _aإدارة الأفراد |
| 650 | 1 | 7 | _aالإدارة العامة |
| 942 |
_2ddc _cBK |
||
| 999 |
_c8034 _d8034 |
||